Top 100 FIFA 22 Ratings - Statistics

General Stats
  • This quiz has been taken 631 times
  • The average score is 74 of 100
Answer Stats
Club Rating Position Answer % Correct
Paris Saint-Germain 93 RW Lionel Messi
100%
Manchester United 91 ST Cristiano Ronaldo
99%
Paris Saint-Germain 91 ST Kylian Mbappé
99%
Paris Saint-Germain 91 LW Neymar Jr.
98%
Tottenham Hotspur 90 ST Harry Kane
97%
Tottenham Hotspur 89 LM Heung-Min Son
97%
Manchester City 91 CAM Kevin De Bruyne
97%
Bayern Munich 92 ST Robert Lewandowski
97%
Liverpool 89 RW Mohamed Salah
96%
Atlético Madrid 91 GK Jan Oblak
95%
Real Madrid 89 CF Karim Benzema
95%
Bayern Munich 90 GK Manuel Neuer
95%
Chelsea 90 CDM N'Golo Kanté
95%
FC Barcelona 90 GK Marc-André ter Stegen
94%
Liverpool 89 GK Alisson
93%
Liverpool 89 CB Virgil van Dijk
93%
Manchester City 89 GK Ederson
92%
Real Madrid 89 GK Thibaut Courtois
92%
Borussia Dortmund 88 ST Erling Haaland
91%
Liverpool 89 LW Sadio Mane
91%
Bayern Munich 89 CDM Joshua Kimmich
90%
Real Madrid 88 CM Toni Kroos
90%
Manchester United 88 CAM Bruno Fernandes
89%
Real Madrid 87 CM Luka Modric
88%
Atletico Madrid 85 ST Antoine Griezmann
87%
Real Madrid 89 CDM Casemiro
87%
Paris Saint-Germain 88 GK Keylor Navas
87%
Paris Saint-Germain 89 GK Gianluigi Donnarumma
86%
Chelsea 88 ST Romelu Lukaku
85%
Manchester City 86 CAM Bernardo Silva
84%
Atlético Madrid 88 ST Luis Suarez
84%
Bayern Munich 87 CAM Thomas Muller
84%
Tottenham Hotspur 87 GK Hugo Lloris
83%
Paris Saint-Germain 87 CB Marquinhos
83%
Leicester City 86 ST Jamie Vardy
82%
Liverpool 87 RB Trent Alexander-Arnold
82%
Lazio 87 ST Ciro Immobile
81%
Manchester City 87 LW Raheem Sterling
81%
Chelsea 85 CB Thiago Silva
81%
Liverpool 87 LB Andrew Roberton
80%
Real Sociedad 85 CAM David Silva
80%
Manchester City 87 CB Ruben Dias
80%
Manchester City 85 RB Kyle Walker
78%
FC Barcelona 87 CM Frenkie De Jong
77%
Paris Saint-Germain 88 CB Sergio Ramos
77%
Juventus 87 CF Paulo Dybala
75%
Liverpool 85 CF Roberto Firmino
75%
Manchester City 86 CDM Rodri
75%
Paris Saint-Germain 87 RW Angel Di Maria
74%
Juventus 86 CB Giorgio Chiellini
74%
Paris Saint-Germain 87 CM Marco Verratti
74%
FC Barcelona 86 CDM Sergio Busquets
74%
FC Barcelona 86 LB Jordi Alba
73%
Bayern Munich 87 CM Leon Goretzka
73%
Manchester United 86 CB Raphael Varane
73%
Liverpool 86 CDM Fabinho
72%
Manchester United 85 LM Marcus Rashford
72%
Manchester United 87 CM Paul Pogba
72%
Manchester United 87 RM Jadon Sancho
71%
Napoli 86 CB Kalidou Koulibaly
71%
Borussia Dortmund 85 CAM Marco Reus
71%
Liverpool 86 CM Thiago
71%
Arsenal 85 ST Pierre-Emerick Aubameyang
70%
Manchester City 86 RB Joao Cancelo
68%
Borussia Dortmund 86 CB Mats Hummels
68%
Paris Saint-Germain 85 RB Achraf Hakimi
67%
Inter Milan 85 ST Lautaro Martinez
67%
Juventus 85 CB Leonardo Bonucci
67%
Manchester City 86 RW Riyad Mahrez
67%
Chelsea 84 CAM Kai Havertz
66%
Leicester City 85 GK Kasper Schmeichel
66%
Bayern Munich 85 RM Serge Gnabry
66%
Bayern Munich 86 LM Kingsley Coman
65%
Real Madrid 85 RB Dani Carvajal
64%
Atletico Madrid 85 CM Koke
64%
Juventus 87 GK Wojciech Szczęsny
64%
Borussia Mönchengladbach 85 GK Yann Sommer
63%
Real Madrid 85 LW Eden Hazard
62%
Napoli 86 LW Lorenzo Insigne
62%
Chelsea 84 ST Timo Werner
61%
Manchester City 86 CB Aymeric Laporte
60%
FC Barcelona 85 CF Memphis Depay
60%
Inter Milan 86 GK Samir Handanovic
60%
Villareal 86 CM Dani Parejo
58%
Villareal 86 ST Gerard Moreno
58%
Manchester United 85 ST Edinson Cavani
57%
FC Barcelona 87 ST Sergio Aguero
56%
Manchester City 85 CM Ilkay Gundogan
55%
Juventus 85 CB Matthias de Ligt
55%
Chelsea 85 CM Jorginho
54%
Leicester City 85 CDM Wilfried Ndidi
54%
Inter Milan 86 CB Milan Skriniar
51%
Lazio 85 CM Sergej Milinković-Savić
47%
VFL Wolfsburg 86 GK Koen Casteels
43%
Sevilla 84 LB Marcos Acuna
41%
Atletico Madrid 86 CM Marcos Llorente
41%
Inter Milan 85 CB Stefan de Vrij
40%
Sevilla 85 CAM Alejandro Gomez
37%
RB Leipzig 85 GK Peter Gulasci
36%
Real Sociedad 85 LW Mikel Oyarzabal
14%
No matching quizzes found
Score Distribution
Percent of People with Each Score
Percentile by Number Answered
Your Score History
You have not taken this quiz